Food Science Quiz - Statistics

General Stats
  • This quiz has been taken 123 times
  • The average score is 13 of 26
Answer Stats
Question Answer % Correct
Which of the following is NOT edible? (recommended by the FDA) Clay
100%
Which of the following is a fruit? Tomato
100%
What is the chemical that gives spicy food its flavor? Capsaicin
94%
Which of the following is meat? Steak
94%
What flavor is an orange? Orange
88%
Which of these is a meal? Brunch
81%
What is the definition of food as listed in the Oxford Dictionary? Any nutritious substance that people or animals eat or drink or that plants absorb in order to maintain life and growth.
75%
Which of these foods are considered unhealthy? Fried Chicken
63%
What is not a typical option for a high school lunch? Herb Roasted Rack of Lamb
63%
Why are purple grapes considered healthier than green grapes? The antioxidant levels of purple grapes is higher than green grapes
63%
Which of these are not made from eggs Kinder Egg Surprise
56%
What is Nathaniel Bacon known for? Leading Bacon's Rebellion in protest of mistreatment of indentured servants
56%
Which of the following food-related positions is not real? Secretary of Snacks
50%
Which of the following is one of the five basic tastes? Umami
50%
Which of the foods do not come from the ocean? Walleye
50%
Which of the following is the closest to the color of green beans? Parakeet
38%
Which of the following would kill you if eaten? Belladonna
31%
Which city did pizza originate from? Naples
31%
Which of the following did Tarrare (1772-1798) NOT eat? Clay
25%
What is ice cream made from? Ice cream
25%
What is Willy Wonka's estimated net worth as of 2023 (adjusted for inflation)? $1.9 billion
6%
Who invented food? Alfred Dinner & Steven Lunch
6%
Where did Count Chocula graduate from? Dartmouth University
6%
Which of the following people with food-related names are not real? Johannes Friedrich Nestle
6%
Which of these is not typically found in a hamburger? Lettuce
0%
How did Francois Vatel (1631-1671) die? Suicide
0%
No matching quizzes found
Score Distribution
Percent of People with Each Score
Percentile by Number Answered
Your Score History
You have not taken this quiz